书目信息 |
| 题名: |
牛顿小博士书系
|
|
| 作者: | 柯伟 著 | |
| 分册: | 第四册 | |
| 出版信息: | 北京 北京出版社 2003.08 |
|
| 页数: | 91页 | |
| 开本: | 24cm | |
| 丛书名: | ||
| 单 册: | ||
| 中图分类: | N49 | |
| 科图分类: | ||
| 主题词: | 自然科学--普及读物 | |
| 电子资源: | ||
| ISBN: | 7-200-04919-0 | |
| 000 | 00826 nam 000253 | |
| 001 | 0100010367 | |
| 005 | 20100803171408.32 | |
| 010 | @a7-200-04919-0@dCNY27.60 | |
| 100 | @a20100802d2003 em y0chiy0121 ea | |
| 101 | @achi | |
| 102 | @aCN@b110000 | |
| 105 | @ay z 000yy | |
| 200 | 10 | @a牛顿小博士书系@Aniu dun xiao bo shi shu xi@h第四册@e人与动物@f柯伟著@Fke wei zhu |
| 210 | @a北京@c北京出版社@d2003.08 | |
| 215 | @a91页@d24cm | |
| 330 | @a本书以图文并茂的画册形式,运用简明易懂的文字,关照青少年的接受能力,由浅入深地介绍了宇宙的概念、宇宙中的天体、宇宙飞船,以及人类对宇宙的开发知识等。 | |
| 517 | 1 | @a人与动物 |
| 540 | @a牛顿小博士书系 | |
| 606 | @a自然科学@x普及读物 | |
| 690 | @aN49@v4 | |
| 701 | 0 | @a柯伟@Ake wei@4著 |
| 801 | @aCN@bDYGS@c20100803 | |
| 901 | @a210902 | |
| 905 | @b971987-9@dN49@eK433:4@f3 | |
| 牛顿小博士书系.第四册:人与动物/柯伟著.-北京:北京出版社,2003.08 |
| 91页;24cm |
| ISBN 7-200-04919-0:CNY27.60 |
| 本书以图文并茂的画册形式,运用简明易懂的文字,关照青少年的接受能力,由浅入深地介绍了宇宙的概念、宇宙中的天体、宇宙飞船,以及人类对宇宙的开发知识等。 |
| ● |
| 相关链接 |
|
|
|
正题名:牛顿小博士书系
索取号:N49/K433:4
 
预约/预借
| 序号 | 登录号 | 条形码 | 馆藏地/架位号 | 状态 | 备注 |
| 1 | 971987 | 209719875 | 期刊室512/401自科库 138排1列4层/ [索取号:N49/K433:4] | 在馆 | |
| 2 | 971988 | 209719884 | 期刊室512/401自科库 138排1列4层/ [索取号:N49/K433:4] | 在馆 | |
| 3 | 971989 | 209719893 | 自科库401/401自科库 140排1列5层/ [索取号:N49/K433:4] | 在馆 |